[Event "Battle of Alberta"]
[Site "Red Deer CAN"]
[Date "2005.08.20"]
[Round "1"]
[White "Yam, Alex"]
[Black "Haynes, Nicolas"]
[Result "1/2-1/2"]
[WhiteElo "2044"]
[BlackElo "2024"]
[PlyCount "60"]
[GameId "2160767910900563"]
[EventDate "2005.08.20"]
[EventType "match"]
[EventRounds "2"]
[EventCountry "CAN"]
[SourceTitle "EXT 2007"]
[Source "ChessBase"]
[SourceDate "2006.11.23"]
[SourceVersion "1"]
[SourceVersionDate "2006.11.23"]
[SourceQuality "1"]

1. d4 f5 2. g3 Nf6 3. Bg2 e6 4. Nf3 d5 5. O-O Bd6 6. c4 c6 7. Qc2 O-O 8. Bf4 b6 9. Nbd2 Bb7 10. Ne5 Qe7 11. Rac1 Bxe5 12. Bxe5 Ng4 13. Bxb8 Raxb8 14. Qa4 a5 15. Nf3 dxc4 16. Qxc4 c5 17. Qb3 Bd5 18. Qa3 Rfc8 19. Ne1 Nf6 20. Bxd5 exd5 21. e3 Qa7 22. dxc5 bxc5 23. Nd3 c4 24. Nf4 Qc5 25. Qxc5 Rxc5 26. b3 a4 27. bxc4 dxc4 28. Rc2 c3 29. Rfc1 Rbc8 30. f3 Nd5 1/2-1/2

[Event "Battle of Alberta"]
[Site "Red Deer CAN"]
[Date "2005.08.20"]
[Round "2"]
[White "Dean, Tim"]
[Black "Duval, Kirk"]
[Result "1-0"]
[WhiteElo "1960"]
[BlackElo "1970"]
[PlyCount "23"]
[GameId "2160767910900565"]
[EventDate "2005.08.20"]
[EventType "match"]
[EventRounds "2"]
[EventCountry "CAN"]
[SourceTitle "EXT 2007"]
[Source "ChessBase"]
[SourceDate "2006.11.23"]
[SourceVersion "1"]
[SourceVersionDate "2006.11.23"]
[SourceQuality "1"]

1. e4 c5 2. Nf3 e6 3. d4 cxd4 4. Nxd4 a6 5. Be3 Nf6 6. Bd3 Qc7 7. Nc3 Bb4 8. O-O d5 9. exd5 exd5 10. Re1 O-O 11. h3 Ne4 12. Nxd5 1-0

[Event "Battle of Alberta"]
[Site "Red Deer CAN"]
[Date "2005.08.20"]
[Round "2"]
[White "Grumic, Sasha"]
[Black "Perron, Sean"]
[Result "1-0"]
[WhiteElo "2108"]
[BlackElo "2128"]
[PlyCount "71"]
[GameId "2160767910900566"]
[EventDate "2005.08.20"]
[EventType "match"]
[EventRounds "2"]
[EventCountry "CAN"]
[SourceTitle "EXT 2007"]
[Source "ChessBase"]
[SourceDate "2006.11.23"]
[SourceVersion "1"]
[SourceVersionDate "2006.11.23"]
[SourceQuality "1"]

1. e4 e6 2. d4 d5 3. e5 c5 4. c3 Nc6 5. Nf3 Bd7 6. Be2 f6 7. O-O fxe5 8. dxe5 Qc7 9. c4 d4 10. Bf4 Nh6 11. Na3 Nf7 12. Re1 a6 13. Nc2 Be7 14. h4 O-O-O 15. b4 Rhf8 16. Bd3 g6 17. b5 Nb8 18. a4 Rg8 19. Qd2 a5 20. b6 Qxb6 21. Rab1 Qc7 22. Na3 Na6 23. Nb5 Bxb5 24. cxb5 Nb4 25. Bc4 Qd7 26. Rxb4 axb4 27. Qa2 Kb8 28. Bxe6 Qc7 29. Bxf7 Rgf8 30. Bg3 Ka8 31. e6 Qa5 32. Rd1 Rc8 33. Ne5 Qd8 34. a5 Bxh4 35. a6 b6 36. Bxh4 1-0

[Event "Battle of Alberta"]
[Site "Red Deer CAN"]
[Date "2005.08.20"]
[Round "2"]
[White "Haessel, Dale"]
[Black "Gardner, Robert"]
[Result "1/2-1/2"]
[WhiteElo "2266"]
[BlackElo "2231"]
[PlyCount "77"]
[GameId "2160767910900567"]
[EventDate "2005.08.20"]
[EventType "match"]
[EventRounds "2"]
[EventCountry "CAN"]
[SourceTitle "EXT 2007"]
[Source "ChessBase"]
[SourceDate "2006.11.23"]
[SourceVersion "1"]
[SourceVersionDate "2006.11.23"]
[SourceQuality "1"]

1. d4 Nf6 2. c4 e6 3. Nc3 Bb4 4. Qc2 O-O 5. Nf3 c5 6. dxc5 Nc6 7. e3 Bxc5 8. Be2 b6 9. O-O Ba6 10. Rd1 Rc8 11. a3 Be7 12. b3 Na5 13. e4 Qc7 14. Bb2 Rfd8 15. Nd4 Bb7 16. Rac1 Qb8 17. Bd3 d5 18. exd5 exd5 19. Bf5 dxc4 20. Bxc8 Rxc8 21. b4 Ng4 22. g3 Nb3 23. Nxb3 cxb3 24. Qxb3 Bg5 25. Rc2 Ne5 26. Nd5 Nf3+ 27. Kf1 Rxc2 28. Qxc2 Qe8 29. Qc3 Qb5+ 30. Kg2 Ne1+ 31. Qxe1 Bxd5+ 32. f3 f6 33. Qe7 Bxf3+ 34. Kxf3 Qf5+ 35. Kg2 Qc2+ 36. Kh3 Qf5+ 37. Kg2 Qc2+ 38. Kh3 Qf5+ 39. Kg2 1/2-1/2

[Event "Battle of Alberta"]
[Site "Red Deer CAN"]
[Date "2005.08.20"]
[Round "2"]
[White "Haynes, Nicolas"]
[Black "Yam, Alex"]
[Result "1-0"]
[WhiteElo "2024"]
[BlackElo "2044"]
[PlyCount "59"]
[GameId "2160767910900569"]
[EventDate "2005.08.20"]
[EventType "match"]
[EventRounds "2"]
[EventCountry "CAN"]
[SourceTitle "EXT 2007"]
[Source "ChessBase"]
[SourceDate "2006.11.23"]
[SourceVersion "1"]
[SourceVersionDate "2006.11.23"]
[SourceQuality "1"]

1. d4 Nf6 2. Bg5 e6 3. e4 h6 4. Bxf6 Qxf6 5. Nc3 Bb4 6. Qd2 b6 7. Nge2 Bb7 8. a3 Bxc3 9. Nxc3 O-O 10. O-O-O d6 11. f4 Nd7 12. g4 c5 13. g5 hxg5 14. fxg5 Qxd4 15. Qxd4 cxd4 16. Rxd4 Nc5 17. Bg2 Rfd8 18. Rhd1 Kf8 19. Nb5 Bc6 20. Nxd6 Ke7 21. b4 Nb7 22. b5 Nxd6 23. bxc6 e5 24. Rd5 Rac8 25. Rxe5+ Kf8 26. Bh3 Rxc6 27. Red5 Rc3 28. Bg4 Rc6 29. e5 Rc4 30. Rxd6 1-0

[Event "Battle of Alberta"]
[Site "Red Deer CAN"]
[Date "2005.08.20"]
[Round "2"]
[White "Kazakevich, Anastasia"]
[Black "Lee, Ian"]
[Result "0-1"]
[WhiteElo "2050"]
[BlackElo "2076"]
[PlyCount "54"]
[GameId "2160767910900570"]
[EventDate "2005.08.20"]
[EventType "match"]
[EventRounds "2"]
[EventCountry "CAN"]
[SourceTitle "EXT 2007"]
[Source "ChessBase"]
[SourceDate "2006.11.23"]
[SourceVersion "1"]
[SourceVersionDate "2006.11.23"]
[SourceQuality "1"]

1. d4 Nf6 2. c4 g6 3. Nc3 Bg7 4. e4 d6 5. Bd3 O-O 6. Nge2 e5 7. d5 Nh5 8. Be3 f5 9. f3 Nf4 10. Nxf4 exf4 11. Bf2 fxe4 12. Nxe4 Nd7 13. Rb1 Ne5 14. O-O g5 15. c5 g4 16. Kh1 Bf5 17. cxd6 cxd6 18. Rc1 Bg6 19. b4 Qd7 20. Bd4 g3 21. Bxe5 Bxe5 22. hxg3 fxg3 23. Ng5 Rf4 24. Be4 Rh4+ 25. Kg1 Qg7 26. Nh3 Bd4+ 27. Kh1 Qh6 0-1

[Event "Battle of Alberta"]
[Site "Red Deer CAN"]
[Date "2005.08.20"]
[Round "2"]
[White "Kazmaier, Daniel"]
[Black "Baunok, Zoltan"]
[Result "0-1"]
[WhiteElo "2081"]
[BlackElo "2095"]
[PlyCount "122"]
[GameId "2160767910900571"]
[EventDate "2005.08.20"]
[EventType "match"]
[EventRounds "2"]
[EventCountry "CAN"]
[SourceTitle "EXT 2007"]
[Source "ChessBase"]
[SourceDate "2006.11.23"]
[SourceVersion "1"]
[SourceVersionDate "2006.11.23"]
[SourceQuality "1"]

1. e4 d5 2. exd5 Nf6 3. Nc3 Nxd5 4. Bc4 e6 5. Nge2 c5 6. Bxd5 exd5 7. d4 Nc6 8. O-O Bg4 9. f3 Be6 10. Be3 b6 11. Qd2 Be7 12. Rad1 cxd4 13. Nxd4 Nxd4 14. Bxd4 O-O 15. Qf2 Rc8 16. Rd2 Rc4 17. Kh1 Bf6 18. Rfd1 Bxd4 19. Rxd4 Qf6 20. Kg1 g6 21. Nb5 a6 22. Na3 Rxd4 23. Rxd4 Rc8 24. c3 Rc5 25. Nc2 a5 26. Ne3 Kg7 27. g4 h5 28. gxh5 Qg5+ 29. Kf1 Qxh5 30. f4 Bf5 31. Nxf5+ Qxf5 32. a3 Rc8 33. Qd2 Re8 34. Rxd5 Qb1+ 35. Kf2 Qh1 36. Qd4+ Kh7 37. Re5 Qxh2+ 38. Kf3 Rxe5 39. fxe5 g5 40. Kg4 Qh4+ 41. Kf5 Qh5 42. Qd6 g4+ 43. Kf6 g3 44. Qd3+ Qg6+ 45. Qxg6+ fxg6 46. e6 g2 47. e7 g1=Q 48. e8=Q Qf2+ 49. Kg5 Qg3+ 50. Kf6 Qf4+ 51. Ke6 Qe4+ 52. Kf7 Qxe8+ 53. Kxe8 g5 54. Kd7 g4 55. Kc6 g3 56. Kxb6 g2 57. Kxa5 g1=Q 58. a4 Qa1 59. b3 Qxc3+ 60. Ka6 Qb4 61. Ka7 Kg7 0-1

[Event "Battle of Alberta"]
[Site "Red Deer CAN"]
[Date "2005.08.20"]
[Round "2"]
[White "Kuczaj, Chris"]
[Black "Karmali, Hafiz"]
[Result "1/2-1/2"]
[WhiteElo "1858"]
[BlackElo "1895"]
[PlyCount "29"]
[GameId "2160767910900572"]
[EventDate "2005.08.20"]
[EventType "match"]
[EventRounds "2"]
[EventCountry "CAN"]
[SourceTitle "EXT 2007"]
[Source "ChessBase"]
[SourceDate "2006.11.23"]
[SourceVersion "1"]
[SourceVersionDate "2006.11.23"]
[SourceQuality "1"]

1. c4 f5 2. Nc3 Nf6 3. Nf3 e6 4. g3 d5 5. d4 c6 6. Bg2 Bd6 7. O-O O-O 8. b3 Ne4 9. Bb2 Nd7 10. Nxe4 fxe4 11. Ne5 Qg5 12. Bc1 Qh5 13. f4 exf3 14. Bxf3 Qe8 15. Nxd7 1/2-1/2

[Event "Battle of Alberta"]
[Site "Red Deer CAN"]
[Date "2005.08.20"]
[Round "2"]
[White "Li, Zhichao"]
[Black "Demers, Chris"]
[Result "0-1"]
[WhiteElo "2214"]
[BlackElo "2239"]
[PlyCount "84"]
[GameId "2160767910900573"]
[EventDate "2005.08.20"]
[EventType "match"]
[EventRounds "2"]
[EventCountry "CAN"]
[SourceTitle "EXT 2007"]
[Source "ChessBase"]
[SourceDate "2006.11.23"]
[SourceVersion "1"]
[SourceVersionDate "2006.11.23"]
[SourceQuality "1"]

1. e4 e6 2. d3 d5 3. Nd2 c5 4. Ngf3 Nc6 5. g3 Nf6 6. Bg2 dxe4 7. dxe4 e5 8. O-O h6 9. b3 Be6 10. Bb2 Qc7 11. Qe2 Be7 12. Nc4 Nd4 13. Bxd4 exd4 14. a4 O-O 15. Nfd2 Rfe8 16. Rae1 Bf8 17. Qd3 b6 18. f4 Rad8 19. g4 Nxg4 20. h3 Ne3 21. Rf3 Nxc4 22. bxc4 f5 23. Rg3 Qxf4 24. Rf1 Qe5 25. exf5 Bd6 26. Rgf3 Qh2+ 27. Kf2 Bf7 28. f6 Re3 29. Qf5 Bg3+ 30. Rxg3 Qxg3+ 31. Kg1 Re2 32. Rf2 Rxd2 33. Rxd2 Qe1+ 34. Kh2 Qxd2 35. fxg7 Qg5 36. Qd3 Kxg7 37. Qf3 Re8 38. a5 bxa5 39. c3 Re3 40. Qf2 Qe5+ 41. Kh1 Qg3 42. Qf5 Re2 0-1

[Event "Battle of Alberta"]
[Site "Red Deer CAN"]
[Date "2005.08.20"]
[Round "2"]
[White "Neven, Knut"]
[Black "Rekhson, Vladislav"]
[Result "1/2-1/2"]
[WhiteElo "2220"]
[BlackElo "2128"]
[PlyCount "112"]
[GameId "2160767910900574"]
[EventDate "2005.08.20"]
[EventType "match"]
[EventRounds "2"]
[EventCountry "CAN"]
[SourceTitle "EXT 2007"]
[Source "ChessBase"]
[SourceDate "2006.11.23"]
[SourceVersion "1"]
[SourceVersionDate "2006.11.23"]
[SourceQuality "1"]

1. d4 d5 2. c4 e6 3. Nc3 Nf6 4. Bg5 Be7 5. e3 h6 6. Bh4 O-O 7. Nf3 c6 8. Rc1 dxc4 9. Bxc4 Nd5 10. Bxe7 Qxe7 11. O-O Nd7 12. Qc2 Re8 13. Rfd1 Nxc3 14. Qxc3 b6 15. b4 Bb7 16. Be2 Nf6 17. Qb2 Rac8 18. Ne5 Qd6 19. Bf3 Nd5 20. Bxd5 cxd5 21. f4 Ba6 22. b5 Bb7 23. a3 f6 24. Nf3 Rc4 25. Nd2 Rcc8 26. Rxc8 Rxc8 27. Rc1 Qd7 28. a4 Kf7 29. Kf2 Rc7 30. Ke2 Qc8 31. Rxc7+ Qxc7 32. Kd3 Ke7 33. Qb4+ Qd6 34. Qxd6+ Kxd6 35. Nf3 Bc8 36. g4 Bd7 37. h4 a6 38. bxa6 Bxa4 39. Kc3 Bb5 40. a7 Bc6 41. f5 exf5 42. gxf5 Kc7 43. Ne1 Kb7 44. Nd3 Kxa7 45. Nf4 Bd7 46. Nh5 Bxf5 47. Nxg7 Bd7 48. Nh5 f5 49. Nf6 Be6 50. Kb4 Kb7 51. Nh5 Kc6 52. Nf4 Bf7 53. Nd3 Kd6 54. Ne5 Be8 55. Kb3 Ke6 56. Nd3 Kd6 1/2-1/2

[Event "Battle of Alberta"]
[Site "Red Deer CAN"]
[Date "2005.08.20"]
[Round "2"]
[White "Reeve, Jeff"]
[Black "Huber, Gregory"]
[Result "1/2-1/2"]
[WhiteElo "2355"]
[BlackElo "2308"]
[PlyCount "118"]
[GameId "2160767910900575"]
[EventDate "2005.08.20"]
[EventType "match"]
[EventRounds "2"]
[EventCountry "CAN"]
[SourceTitle "EXT 2007"]
[Source "ChessBase"]
[SourceDate "2006.11.23"]
[SourceVersion "1"]
[SourceVersionDate "2006.11.23"]
[SourceQuality "1"]

1. d4 Nf6 2. c4 e6 3. Nc3 Bb4 4. Nf3 O-O 5. Bg5 c5 6. e3 b6 7. Bd3 Bb7 8. O-O h6 9. Bh4 cxd4 10. exd4 Be7 11. Re1 d6 12. b4 Nbd7 13. a4 d5 14. c5 a5 15. Bxf6 Bxf6 16. Rb1 axb4 17. Rxb4 Nxc5 18. Bb1 Ne4 19. Nxe4 dxe4 20. Bxe4 Bxe4 21. Rxe4 Qd5 22. Re1 Rfd8 23. h3 Rd7 24. Qb1 Rda7 25. Rxb6 Rxa4 26. Rb8+ Rxb8 27. Qxb8+ Kh7 28. Qc7 Kg8 29. Ne5 Rxd4 30. Qxf7+ Kh7 31. Qg6+ Kg8 32. Ng4 Bg5 33. Qxe6+ Qxe6 34. Rxe6 Rd1+ 35. Kh2 Kf7 36. Re4 Rd5 37. g3 Bf6 38. Kg2 Ra5 39. h4 h5 40. Ne3 Kg6 41. Rc4 Rb5 42. Nf1 Rb2 43. Rf4 Be5 44. Rf3 Bd4 45. Nh2 Ra2 46. Nf1 Rb2 47. Ne3 Bxe3 48. Rxe3 Kf6 49. Ra3 g6 50. Ra6+ Kf5 51. Ra5+ Kf6 52. Ra4 Rc2 53. Rf4+ Kg7 54. g4 hxg4 55. Rxg4 Kf6 56. Ra4 Rb2 57. Kg3 Rb3+ 58. f3 Rc3 59. Kf4 Rc6 1/2-1/2

[Event "Belfort 2005 Fundraiser"]
[Site "Burnaby CAN"]
[Date "2005.06.04"]
[Round "1"]
[White "Yoos, John"]
[Black "Gaciu, Vlad"]
[Result "1-0"]
[WhiteElo "2435"]
[BlackElo "1787"]
[PlyCount "77"]
[GameId "2160767910968059"]
[EventDate "2005.06.04"]
[EventType "swiss"]
[EventRounds "4"]
[EventCountry "CAN"]

1. e4 d6 2. d4 Nf6 3. Nc3 g6 4. Be3 Bg7 5. f3 c6 6. Qd2 Nbd7 7. O-O-O Qc7 8. g4 h6 9. Nge2 b5 10. Ng3 a5 11. Kb1 a4 12. Nce2 Rb8 13. Nc1 c5 14. h4 b4 15. g5 hxg5 16. hxg5 Nh7 17. Rh4 Nhf8 18. Rxh8 Bxh8 19. dxc5 dxc5 20. f4 c4 21. Qh2 Bg7 22. e5 b3 23. cxb3 axb3 24. axb3 cxb3 25. Rd3 Qa5 26. Rxb3 Rxb3 27. Nxb3 Qe1+ 28. Bc1 Nxe5 29. fxe5 Bxe5 30. Bb5+ Bd7 31. Qc2 Kd8 32. Bxd7 Nxd7 33. Ne4 Bf4 34. Qc6 Bxc1 35. Nxc1 Qb4 36. Nd3 Qb6 37. Qa8+ Kc7 38. Nc3 Qg1+ 39. Ka2 1-0

[Event "Bluenose CC op"]
[Site "Halifax CAN"]
[Date "2005.02.25"]
[Round "1"]
[White "Charlton, Glenn"]
[Black "Gilks, James"]
[Result "1-0"]
[WhiteElo "2092"]
[BlackElo "1682"]
[PlyCount "61"]
[GameId "2160767910965609"]
[EventDate "2005.02.25"]
[EventType "swiss"]
[EventRounds "5"]
[EventCountry "CAN"]

1. e4 d5 2. exd5 Nf6 3. Nf3 Nxd5 4. d4 e6 5. Be2 c5 6. c4 Nf6 7. O-O Nc6 8. Be3 Qb6 9. Nc3 Ng4 10. dxc5 Bxc5 11. Na4 Nxe3 12. Nxb6 Nxd1 13. Nxa8 Nxf2 14. Rxf2 Kd8 15. a3 f6 16. b4 Bxf2+ 17. Kxf2 Bd7 18. Rd1 Ne5 19. Nxe5 fxe5 20. Bf3 Kc8 21. b5 Bxb5 22. cxb5 Kb8 23. Rd7 Rf8 24. Rxb7+ Kc8 25. Rc7+ Kb8 26. Rb7+ Kc8 27. Rxa7 e4 28. Nb6+ Kb8 29. Ra8+ Kc7 30. Rxf8 exf3 31. Na8+ 1-0

[Event "Bluenose CC op"]
[Site "Halifax CAN"]
[Date "2005.02.26"]
[Round "2"]
[White "McGillivray, Mike"]
[Black "Charlton, Glenn"]
[Result "1-0"]
[WhiteElo "1765"]
[BlackElo "2092"]
[PlyCount "53"]
[GameId "2160767910965610"]
[EventDate "2005.02.25"]
[EventType "swiss"]
[EventRounds "5"]
[EventCountry "CAN"]

1. e4 d6 2. d4 Nf6 3. Nc3 g6 4. Be3 Bg7 5. Qd2 a6 6. f3 Nc6 7. Bc4 e5 8. Nge2 O-O 9. O-O-O Na5 10. Bb3 exd4 11. Bxd4 Nxb3+ 12. axb3 Be6 13. g4 Nd7 14. Bxg7 Kxg7 15. h4 f6 16. Nd4 Bg8 17. f4 Nc5 18. g5 fxg5 19. hxg5 Qe8 20. Rde1 Rd8 21. Nd5 c6 22. Nf6 Rxf6 23. gxf6+ Kxf6 24. e5+ dxe5 25. fxe5+ Kg7 26. Kb1 Ne6 27. Nxe6+ 1-0

[Event "Bluenose CC op"]
[Site "Halifax CAN"]
[Date "2005.02.26"]
[Round "2"]
[White "Wysocki, Antoni"]
[Black "Kenney, Jason"]
[Result "0-1"]
[WhiteElo "2064"]
[BlackElo "2119"]
[PlyCount "58"]
[GameId "2160767910965611"]
[EventDate "2005.02.25"]
[EventType "swiss"]
[EventRounds "5"]
[EventCountry "CAN"]

1. Nf3 Nf6 2. c4 c5 3. Nc3 e6 4. d4 cxd4 5. Nxd4 d6 6. g3 a6 7. Bg2 Qc7 8. Bg5 Be7 9. O-O Nc6 10. e4 Bd7 11. Nde2 h6 12. Be3 Ne5 13. b3 b5 14. h3 b4 15. f4 bxc3 16. fxe5 dxe5 17. Nxc3 Bc6 18. Qe2 Qb7 19. Bd2 O-O 20. Rae1 Rfd8 21. Nb1 Rd7 22. Bc3 Bb4 23. Rd1 Bxc3 24. Nxc3 Rad8 25. Rxd7 Rxd7 26. Qe3 Rd4 27. Re1 Qd7 28. Re2 Rd3 29. Qc1 Qd4+ 0-1

[Event "Bluenose CC op"]
[Site "Halifax CAN"]
[Date "2005.02.26"]
[Round "3"]
[White "Kenney, Jason"]
[Black "Ng, Gary"]
[Result "1/2-1/2"]
[WhiteElo "2119"]
[BlackElo "2112"]
[PlyCount "113"]
[GameId "2160767910965612"]
[EventDate "2005.02.25"]
[EventType "swiss"]
[EventRounds "5"]
[EventCountry "CAN"]

1. e4 b6 2. d4 Bb7 3. Bd3 Nf6 4. Qe2 Nc6 5. Nf3 Nb4 6. Nc3 Nxd3+ 7. cxd3 e6 8. Bg5 Be7 9. O-O a6 10. Kh1 O-O 11. Rad1 Nxe4 12. Nxe4 Bxe4 13. dxe4 Bxg5 14. Nxg5 Qxg5 15. f4 Qa5 16. f5 exf5 17. exf5 Qb5 18. Qc2 Qc6 19. Qb3 Qf6 20. d5 b5 21. Qg3 Rac8 22. b3 Rfe8 23. Rfe1 Rxe1+ 24. Qxe1 Qxf5 25. Qe7 h6 26. h3 d6 27. Kg1 Qe5 28. Qd7 Qe3+ 29. Kh1 Qe8 30. Qf5 Rd8 31. Rc1 Qe5 32. Qd3 Qe7 33. Qc3 Rc8 34. Qc6 Qe3 35. Rc2 Re8 36. Rc1 Re7 37. Rg1 Qb6 38. Qa8+ Kh7 39. Qf8 Qe3 40. Qa8 Re5 41. Qxa6 Rh5 42. Rf1 Qe4 43. Qxb5 Rxh3+ 44. Kg1 Qd4+ 45. Rf2 Rd3 46. Kh1 Rd1+ 47. Rf1 Rxf1+ 48. Qxf1 Qxd5 49. Qf3 Qe5 50. a4 f5 51. Qb7 f4 52. a5 Qe1+ 53. Kh2 Qxa5 54. Qe4+ Kg8 55. Qe8+ Kh7 56. Qe4+ Kh8 57. Qe8+ 1/2-1/2

[Event "Bluenose CC op"]
[Site "Halifax CAN"]
[Date "2005.02.27"]
[Round "5"]
[White "Ng, Gary"]
[Black "McGillivray, Mike"]
[Result "1-0"]
[WhiteElo "2112"]
[BlackElo "1765"]
[PlyCount "87"]
[GameId "2160767910965613"]
[EventDate "2005.02.25"]
[EventType "swiss"]
[EventRounds "5"]
[EventCountry "CAN"]

1. b4 e5 2. Bb2 d6 3. c4 f5 4. e3 Nf6 5. Nf3 Be7 6. Qb3 e4 7. Ng5 h6 8. Nh3 Be6 9. Nf4 Bf7 10. Nc3 c6 11. d4 Nbd7 12. h4 Nh5 13. Nxh5 Bxh5 14. g3 Bf3 15. Rh2 Nf6 16. Ne2 Bh5 17. Nf4 Bf7 18. Be2 Qc7 19. a4 O-O 20. Rh1 b5 21. Qc3 bxa4 22. Rxa4 c5 23. Kd2 cxb4 24. Rxb4 Rfb8 25. Ra4 Qb6 26. Rb1 Rb7 27. Raa1 Rab8 28. Kc1 Qc7 29. Ba3 Nd7 30. Rxb7 Qxb7 31. Kd1 Nb6 32. Ke1 Rc8 33. c5 dxc5 34. Bxc5 Qd7 35. Ba6 Rc7 36. Qa5 Bxc5 37. dxc5 Nc4 38. Qb4 Ne5 39. Bb5 Qe7 40. Rc1 Nc6 41. Qc3 Qe5 42. Qd2 Qe7 43. Nd5 Bxd5 44. Qxd5+ 1-0

[Event "Bluenose CC op"]
[Site "Halifax CAN"]
[Date "2005.02.27"]
[Round "5"]
[White "Wysocki, Antoni"]
[Black "Mayo, Alvah"]
[Result "0-1"]
[WhiteElo "2064"]
[BlackElo "2058"]
[PlyCount "60"]
[GameId "2160767910965614"]
[EventDate "2005.02.25"]
[EventType "swiss"]
[EventRounds "5"]
[EventCountry "CAN"]

1. Nf3 c5 2. c4 Nc6 3. Nc3 Nf6 4. g3 g6 5. Bg2 Bg7 6. O-O O-O 7. d4 cxd4 8. Nxd4 Qb6 9. Nc2 d6 10. h3 Qc5 11. Nd5 Qxc4 12. Na3 Qc5 13. b4 Nxb4 14. Be3 Nfxd5 15. Bxc5 Nc3 16. Qd2 dxc5 17. Rfc1 Na4 18. Rab1 Be6 19. Nc4 Rad8 20. Qe1 Nxa2 21. Bxb7 N4c3 22. Ne3 Rb8 23. Rc2 Nxb1 24. Qxb1 Nb4 25. Bg2 Nxc2 26. Qxc2 c4 27. Nd5 Bxd5 28. Bxd5 c3 29. Bb3 Rfc8 30. Kg2 Rxb3 0-1

[Event "British Columbia op"]
[Site "Vancouver CAN"]
[Date "2005.10.09"]
[Round "3"]
[White "Davies, Noam"]
[Black "Cheng, Bindi"]
[Result "1-0"]
[WhiteElo "2016"]
[BlackElo "2294"]
[PlyCount "85"]
[GameId "2160767910834425"]
[EventDate "2005.10.08"]
[EventType "swiss"]
[EventRounds "6"]
[EventCountry "CAN"]

1. e4 e5 2. Nf3 Nc6 3. Bb5 Nf6 4. O-O Nxe4 5. d4 Nd6 6. Bxc6 dxc6 7. dxe5 Nf5 8. Qxd8+ Kxd8 9. Nc3 h6 10. Bd2 Be6 11. Rad1 Kc8 12. Rfe1 b6 13. Ne4 c5 14. b3 Kb7 15. c4 Rd8 16. Bc3 Be7 17. Bb2 Rxd1 18. Rxd1 Rd8 19. Rxd8 Bxd8 20. Kf1 Kc6 21. Nc3 a6 22. a4 g5 23. h3 h5 24. Ne4 g4 25. hxg4 hxg4 26. Nfg5 Bxg5 27. Nxg5 Nd4 28. Bxd4 cxd4 29. Nxe6 fxe6 30. Ke2 Kc5 31. f4 gxf3+ 32. gxf3 Kb4 33. f4 Kc3 34. Kd1 Kxb3 35. f5 exf5 36. e6 Kxa4 37. e7 Kb4 38. e8=Q c5 39. Qe6 b5 40. cxb5 axb5 41. Qxf5 c4 42. Kd2 Ka3 43. Qxb5 1-0

[Event "British Columbia op"]
[Site "Vancouver CAN"]
[Date "2005.10.09"]
[Round "4"]
[White "Hamm, Robert"]
[Black "Harris, Philip"]
[Result "0-1"]
[WhiteElo "1721"]
[BlackElo "1875"]
[PlyCount "92"]
[GameId "2160767910834426"]
[EventDate "2005.10.08"]
[EventType "swiss"]
[EventRounds "6"]
[EventCountry "CAN"]

1. d4 Nf6 2. c4 e6 3. Nc3 Bb4 4. Nf3 b6 5. a3 Bxc3+ 6. bxc3 Bb7 7. e3 d6 8. Bd3 Nbd7 9. Qc2 Qe7 10. e4 e5 11. Bg5 Nf8 12. O-O Ng6 13. Rfe1 O-O 14. a4 a5 15. Rab1 Rfe8 16. Nd2 h6 17. Be3 Ng4 18. Nb3 Bc6 19. Nd2 Rab8 20. Nf1 Bd7 21. Bc1 Nh4 22. Be2 Rf8 23. Bxg4 Bxg4 24. Ne3 Be6 25. Ba3 Qg5 26. Kh1 f5 27. f3 fxe4 28. fxe4 Rf6 29. dxe5 Qxe5 30. Nd5 Rf7 31. c5 Rbf8 32. Qd3 dxc5 33. c4 Nxg2 34. Rg1 Rf3 35. Ne7+ Kh7 36. Bb2 Qg5 37. Qe2 Rf2 38. Qd3 Qxe7 39. Rxg2 Rxg2 40. Kxg2 Qg5+ 41. Kh1 Bg4 42. Rf1 Rxf1+ 43. Qxf1 Qe3 44. h3 Bf3+ 45. Kh2 Qf4+ 46. Kg1 Qg3+ 0-1

[Event "British Columbia op"]
[Site "Vancouver CAN"]
[Date "2005.10.10"]
[Round "6"]
[White "Davies, Noam"]
[Black "Harris, Philip"]
[Result "1-0"]
[WhiteElo "2016"]
[BlackElo "1875"]
[PlyCount "61"]
[GameId "2160767910834428"]
[EventDate "2005.10.08"]
[EventType "swiss"]
[EventRounds "6"]
[EventCountry "CAN"]

1. e4 e5 2. Nf3 Nf6 3. Nxe5 d6 4. Nf3 Nxe4 5. d4 d5 6. Bd3 Be7 7. O-O O-O 8. c4 Nf6 9. Nc3 Bg4 10. cxd5 Nxd5 11. Be4 Nxc3 12. bxc3 c6 13. Rb1 Qc7 14. Qb3 b6 15. c4 Nd7 16. Bb2 Nf6 17. Bc2 Bh5 18. Rfe1 Rfe8 19. Rbd1 Rad8 20. Bb1 Bd6 21. h3 Re7 22. Rxe7 Bxe7 23. d5 cxd5 24. cxd5 Nd7 25. Qe3 Bd6 26. Qg5 Bg6 27. Bxg6 hxg6 28. Nd4 Bf4 29. d6 Bxg5 30. dxc7 Rc8 31. Nf3 1-0

[Event "British Columbia op"]
[Site "Vancouver CAN"]
[Date "2005.10.10"]
[Round "6"]
[White "Patterson, Roger"]
[Black "Jiang, Louie"]
[Result "1-0"]
[WhiteElo "2111"]
[BlackElo "2040"]
[PlyCount "43"]
[GameId "2160767910834429"]
[EventDate "2005.10.08"]
[EventType "swiss"]
[EventRounds "6"]
[EventCountry "CAN"]

1. e4 c5 2. Nf3 d6 3. d4 cxd4 4. Nxd4 Nf6 5. Nc3 g6 6. Be3 Bg7 7. f3 O-O 8. Qd2 Nc6 9. Bc4 Bd7 10. h4 Rb8 11. O-O-O b5 12. Bb3 Na5 13. Bh6 Nc4 14. Qg5 Bxh6 15. Qxh6 a5 16. Ndxb5 Nxb2 17. Kxb2 Bxb5 18. h5 Bc4 19. e5 Bxb3 20. exf6 Be6+ 21. Ka1 exf6 22. hxg6 1-0

[Event "British Columbia-ch"]
[Site "Vancouver CAN"]
[Date "2005.10.07"]
[Round "1"]
[White "Yoos, John"]
[Black "McLaren, Brian"]
[Result "1-0"]
[WhiteElo "2393"]
[BlackElo "2149"]
[PlyCount "117"]
[GameId "2160767910834574"]
[EventDate "2005.10.07"]
[EventType "tourn"]
[EventRounds "7"]
[EventCountry "CAN"]
[SourceTitle "EXT 2007"]
[Source "ChessBase"]
[SourceDate "2006.11.23"]
[SourceVersion "1"]
[SourceVersionDate "2006.11.23"]
[SourceQuality "1"]

1. e4 Nf6 2. e5 Nd5 3. d4 d6 4. Nf3 Bg4 5. Be2 c6 6. c4 Nb6 7. exd6 exd6 8. O-O Be7 9. Nbd2 O-O 10. Qc2 Re8 11. Bd3 g6 12. h3 Bxf3 13. Nxf3 N8d7 14. Bf4 Nf8 15. a4 Ne6 16. Bg3 d5 17. c5 Nd7 18. a5 a6 19. Qb3 Qc8 20. Qb4 Ndf8 21. Ne5 Nc7 22. f4 f6 23. Nf3 f5 24. Bf2 Nb5 25. Ne5 Bf6 26. Be3 Bg7 27. Kh1 Nd7 28. Rg1 Nf6 29. Raf1 Qd8 30. Qe1 Ne4 31. g4 Rf8 32. Rg2 Nc7 33. gxf5 Rxf5 34. Bg1 Qe7 35. Nc4 Raf8 36. Nd6 Rxf4 37. Rxf4 Rxf4 38. Nxe4 dxe4 39. Bh2 Rf3 40. Bxe4 Rxh3 41. Re2 Qh4 42. Qxh4 Rxh4 43. Kg2 Nd5 44. Bxd5+ cxd5 45. Re8+ Kf7 46. Rb8 Bxd4 47. Rxb7+ Ke6 48. c6 Be5 49. Bxe5 Kxe5 50. c7 Rc4 51. b4 Kd6 52. c8=Q Rxc8 53. Rxh7 Ke5 54. Re7+ Kf4 55. Re6 Rc2+ 56. Kf1 Rb2 57. Rxg6 Rxb4 58. Ke2 Ke4 59. Rg4+ 1-0